[Event "FRA-ch U20"]
[Site "Agen"]
[Date "2018.04.15"]
[Round "1"]
[White "Perche, Louis"]
[Black "Barseghyan, Harutyun"]
[Result "0-1"]
[WhiteElo "1950"]
[BlackElo "2464"]
[PlyCount "76"]
[EventDate "2018.04.15"]
[EventType "swiss"]
[EventRounds "9"]
[EventCountry "FRA"]
[SourceTitle "CBM 184 Extra"]
[Source "ChessBase"]
[SourceDate "2018.06.28"]
[SourceVersion "1"]
[SourceVersionDate "2018.06.28"]
[SourceQuality "1"]

1. e4 c5 2. Nf3 e6 3. d4 cxd4 4. Nxd4 a6 5. c4 Nf6 6. Nc3 Qc7 7. Be2 d6 8. 0-0 b6 9. f4 Bb7 10. Qc2 Be7 11. Be3 0-0 12. Rac1 Rc8 13. g4 Nc6 14. g5 Nxd4 15. Bxd4 Nd7 16. b3 e5 17. fxe5 Bxg5 18. Rcd1 dxe5 19. Bf2 Nf6 20. Nd5 Bxd5 21. exd5 e4 22. Bg3 Qd7 23. Rxf6 Bxf6 24. Qxe4 Re8 25. Qg4 Qxg4 26. Bxg4 Be5 27. Bf2 Rab8 28. b4 Red8 29. c5 bxc5 30. bxc5 Rb4 31. Be2 Ra4 32. c6 Rxa2 33. Bb6 Rb8 34. c7 Rxe2 35. d6 Rf8 36. c8Q Rxc8 37. d7 Bxh2+ 38. Kh1 Ree8 0-1

[Event "FRA-chT U20"]
[Site "Lille"]
[Date "2013.12.08"]
[Round "2.1"]
[White "Bellahcene, Bilel"]
[Black "Perche, Louis"]
[Result "1-0"]
[WhiteElo "2311"]
[BlackElo "1733"]
[PlyCount "41"]
[EventDate "2013.12.07"]
[EventType "team-match"]
[EventRounds "5"]
[EventCountry "FRA"]
[SourceTitle "EXT 2015"]
[Source "ChessBase"]
[SourceDate "2014.11.20"]
[SourceVersion "1"]
[SourceVersionDate "2014.11.20"]
[SourceQuality "1"]

1. d4 Nf6 2. Nf3 g6 3. c4 Bg7 4. Nc3 d5 5. cxd5 Nxd5 6. e4 Nxc3 7. bxc3 c5 8. Rb1 0-0 9. Be2 b6 10. 0-0 Bb7 11. d5 Bxc3 12. Bc4 Qd6 13. Rb3 Bg7 14. e5 Bxe5 15. Nxe5 Qxe5 16. Bb2 Qd6 17. Re1 Nd7 18. Qc1 Nf6 19. Qh6 Bc8 20. Be5 Qd8 21. Re4 1-0

[Event "FRA-chT U20"]
[Site "Lille"]
[Date "2013.12.08"]
[Round "3.2"]
[White "Marie, Florian"]
[Black "Perche, Louis"]
[Result "1/2-1/2"]
[WhiteElo "1747"]
[BlackElo "1733"]
[PlyCount "45"]
[EventDate "2013.12.07"]
[EventType "team-match"]
[EventRounds "5"]
[EventCountry "FRA"]
[SourceTitle "EXT 2015"]
[Source "ChessBase"]
[SourceDate "2014.11.20"]
[SourceVersion "1"]
[SourceVersionDate "2014.11.20"]
[SourceQuality "1"]

1. d4 Nf6 2. c4 g6 3. g3 Bg7 4. Bg2 d5 5. Nf3 0-0 6. 0-0 b6 7. Nc3 Bb7 8. cxd5 Nxd5 9. Qc2 Nxc3 10. bxc3 Na6 11. Ba3 Rc8 12. Rad1 c6 13. e4 Qc7 14. Bh3 Rcd8 15. c4 Rfe8 16. Bb2 e6 17. Ne1 c5 18. d5 Bxb2 19. Qxb2 exd5 20. exd5 Qd6 21. Nd3 Re4 22. Qc2 Rde8 23. Rfe1 1/2-1/2

[Event "FRA-chT U20"]
[Site "Lille"]
[Date "2013.12.07"]
[Round "1.2"]
[White "Perche, Louis"]
[Black "Aghamir Alrobiai, Nizar"]
[Result "1-0"]
[WhiteElo "1733"]
[BlackElo "1826"]
[PlyCount "65"]
[EventDate "2013.12.07"]
[EventType "team-match"]
[EventRounds "5"]
[EventCountry "FRA"]
[SourceTitle "EXT 2015"]
[Source "ChessBase"]
[SourceDate "2014.11.20"]
[SourceVersion "1"]
[SourceVersionDate "2014.11.20"]
[SourceQuality "1"]

1. e4 c5 2. Nf3 e6 3. d4 cxd4 4. Nxd4 Nc6 5. Nc3 Qc7 6. Be3 a6 7. Bd3 Nf6 8. 0-0 h5 9. h3 b5 10. Nxc6 Qxc6 11. Be2 b4 12. e5 bxc3 13. exf6 gxf6 14. Bf3 d5 15. bxc3 Bd7 16. Bd4 Be7 17. Rb1 Rd8 18. Re1 Bc8 19. Qe2 Rg8 20. Bxh5 e5 21. Bb6 Bxh3 22. Bxf7+ Kxf7 23. Qh5+ Kf8 24. Qxh3 Rc8 25. Be3 Qxc3 26. Qh7 Qxc2 27. Bh6+ Ke8 28. Qxg8+ Kd7 29. Qxd5+ Ke8 30. Qg8+ Kd7 31. Red1+ Kc7 32. Qxc8+ Kxc8 33. Rbc1 1-0

[Event "La Fere op"]
[Site "La Fere"]
[Date "2010.07.03"]
[Round "1"]
[White "Koechler, Thomas"]
[Black "Perche, Louis"]
[Result "1-0"]
[WhiteElo "1299"]
[BlackElo "1545"]
[PlyCount "79"]
[EventDate "2010.07.03"]
[EventType "swiss"]
[EventRounds "9"]
[EventCountry "FRA"]
[SourceTitle "CBM 137 Extra"]
[Source "ChessBase"]
[SourceDate "2010.09.01"]
[SourceVersion "1"]
[SourceVersionDate "2010.09.01"]
[SourceQuality "1"]

1. e4 c6 2. d4 d5 3. Nc3 dxe4 4. Nxe4 Bf5 5. Ng3 Bg6 6. Nf3 Nd7 7. Bf4 Ngf6 8. Bc4 e6 9. 0-0 Be7 10. Qe2 0-0 11. Rad1 Nb6 12. Bb3 a5 13. a4 Nfd5 14. Bd2 Qc7 15. h4 h6 16. Ne5 Bh7 17. Nh5 Nf6 18. Rfe1 Nbd7 19. Bf4 Nxh5 20. Qxh5 Bd6 21. Re3 Bxe5 22. dxe5 Rad8 23. Rg3 Bg6 24. Rxg6 fxg6 25. Bxe6+ Kh8 26. Rxd7 Rxd7 27. Qxg6 Rdd8 28. Bf5 Rxf5 29. Qxf5 Qd7 30. Qg6 Qe8 31. Qe4 Qe7 32. Be3 Rd5 33. Bd4 Qb4 34. c3 Qxa4 35. e6 Qd1+ 36. Kh2 Qh5 37. Qf4 Qg6 38. e7 Rd7 39. Qf8+ Kh7 40. e8Q 1-0